Statistics for 10 Things I Hate About You

Click here to take the quiz!

General Stats

  • This quiz has been taken 119 times
  • The average score is 6 of 15

Answer Stats

Hint Answer % Correct
Which incredibly handsome actor plays Patrick Verona?Heath Ledger
83%
What year was the movie released?1999
74%
What Shakespeare play is the movie based around?The Taming Of The Shrew
71%
What is the name of Joseph Gordon Levitt's character?Cameron James
58%
Complete the quotes: "Pensive?" "Damn I was going for_____"Thoughtful
50%
What part of "Reginald" was quivering?Member
49%
What does Kat say when she hits Joey's car?Whoops
47%
Which college does Kat get into?Sarah Lawrence
39%
Which actor did Bianca find a picture of in Kat's room?Jared Leto
37%
What club does Patrick go to to see Kat?Club Skunk
26%
"Tell me something true"I hate peas
23%
Who plays Bianca?Larisa Oleynik
17%
Where was Patrick during his absent year?Milwauke
7%
Where is the movie set?Portland, Oregon
6%
Who "kicked himself in the balls"?Bobby Rictor
1%

Score Distribution

Percentile by Number Answered

Percent of People with Each Score

Your Score History

You have not taken this quiz